[Event "Avoine op 32nd"]
[Site "Avoine"]
[Date "2017.07.28"]
[Round "7"]
[White "Grego, Pierre"]
[Black "Ribeiro, Romain"]
[Result "0-1"]
[WhiteElo "1891"]
[BlackElo "2200"]
[PlyCount "60"]
[EventDate "2017.07.22"]
[EventType "swiss"]
[EventRounds "9"]
[EventCountry "FRA"]
[SourceTitle "CBM 179 Extra"]
[Source "ChessBase"]
[SourceDate "2017.08.23"]
[SourceVersion "1"]
[SourceVersionDate "2017.08.23"]
[SourceQuality "1"]

1. c4 e5 2. e3 Nf6 3. Nc3 d6 4. Qc2 g6 5. Nf3 Bg7 6. Be2 0-0 7. 0-0 Re8 8. d3 Nbd7 9. e4 Nf8 10. h3 Ne6 11. Re1 c6 12. Bf1 Qc7 13. g3 b6 14. Bd2 Bb7 15. Rac1 Rac8 16. Qb1 Qb8 17. Bg2 d5 18. exd5 cxd5 19. b3 dxc4 20. dxc4 Qa8 21. Nh4 Bxg2 22. Nxg2 Nd4 23. Kf1 Nf3 24. Re2 Nxd2+ 25. Rxd2 Bh6 26. f4 exf4 27. Nd5 Nxd5 28. Rxd5 fxg3 29. Rcd1 Qc6 30. Qb2 Qe6 0-1

[Event "Avoine op 32nd"]
[Site "Avoine"]
[Date "2017.07.22"]
[Round "1"]
[White "Dupont, Arthur"]
[Black "Ribeiro, Romain"]
[Result "1-0"]
[WhiteElo "1972"]
[BlackElo "2200"]
[PlyCount "53"]
[EventDate "2017.07.22"]
[EventType "swiss"]
[EventRounds "9"]
[EventCountry "FRA"]
[SourceTitle "CBM 179 Extra"]
[Source "ChessBase"]
[SourceDate "2017.08.23"]
[SourceVersion "1"]
[SourceVersionDate "2017.08.23"]
[SourceQuality "1"]

1. d4 Nf6 2. c4 c5 3. e3 cxd4 4. exd4 d5 5. Nf3 Nc6 6. Nc3 Bg4 7. Be3 e6 8. Be2 Be7 9. Qb3 0-0 10. cxd5 Na5 11. Qa4 Nxd5 12. h3 Bh5 13. g4 Bg6 14. Ne5 Nxe3 15. fxe3 Bh4+ 16. Kf1 Rc8 17. Kg2 Bg5 18. h4 Bxe3 19. h5 f6 20. Nxg6 hxg6 21. Rh3 Bh6 22. hxg6 Qb6 23. d5 exd5 24. Nxd5 Qxb2 25. Ne7+ Kh8 26. Qe4 Qc2 27. Qe3 1-0

[Event "Avoine op 30th"]
[Site "Avoine"]
[Date "2015.07.21"]
[Round "4"]
[White "Ribeiro, Romain"]
[Black "Suez Panama, Gilles"]
[Result "0-1"]
[WhiteElo "2222"]
[BlackElo "2035"]
[PlyCount "84"]
[EventDate "2015.07.18"]
[EventType "swiss"]
[EventRounds "9"]
[EventCountry "FRA"]
[SourceTitle "EXT 2016"]
[Source "ChessBase"]
[SourceDate "2015.10.08"]
[SourceVersion "1"]
[SourceVersionDate "2015.10.08"]
[SourceQuality "1"]

1. e4 e6 2. d3 d5 3. Nd2 Nf6 4. Ngf3 Bc5 5. e5 Nfd7 6. g3 0-0 7. Bg2 Nc6 8. Qe2 f6 9. exf6 Qxf6 10. Nb3 Bb6 11. 0-0 Nde5 12. Nxe5 Nxe5 13. d4 Nc4 14. c3 c6 15. Re1 e5 16. Be3 e4 17. Bf4 g5 18. Bc1 Bg4 19. Qf1 Nd6 20. h3 Bh5 21. Be3 Nc4 22. Rab1 Rf7 23. g4 Bg6 24. Re2 Raf8 25. Qc1 h6 26. Nd2 Nxe3 27. fxe3 Bc7 28. Nf1 Qd6 29. c4 h5 30. cxd5 cxd5 31. Rc2 hxg4 32. hxg4 Rh7 33. b3 Be8 34. Rbb2 Bb5 35. Rf2 Rxf2 36. Rxf2 Bxf1 37. Bxf1 Qh6 38. Bg2 Bh2+ 39. Kf1 Qa6+ 40. Ke1 Rc7 41. Qd2 Bg3 42. Bf1 Qf6 0-1

[Event "Dieppe op 09th"]
[Site "Dieppe"]
[Date "2013.08.27"]
[Round "4"]
[White "Hadet, Emmanuel"]
[Black "Ribeiro, Romain"]
[Result "0-1"]
[WhiteElo "1977"]
[BlackElo "2242"]
[PlyCount "48"]
[EventDate "2013.08.26"]
[EventType "swiss"]
[EventRounds "9"]
[EventCountry "FRA"]
[SourceTitle "EXT 2014"]
[Source "ChessBase"]
[SourceDate "2013.11.20"]
[SourceVersion "1"]
[SourceVersionDate "2013.11.20"]
[SourceQuality "1"]

1. Nf3 c5 2. c4 b6 3. g3 Bb7 4. Bg2 d6 5. 0-0 Nd7 6. d4 cxd4 7. Qxd4 Ngf6 8. Nc3 g6 9. b3 Bg7 10. Bb2 0-0 11. Nd5 b5 12. Ne3 b4 13. Rfd1 Nc5 14. Nd5 a5 15. Ne1 a4 16. Nxf6+ Bxf6 17. Qd2 Bxg2 18. Bxf6 exf6 19. Nxg2 axb3 20. Qxb4 bxa2 21. Qb2 Qa5 22. Rd2 Rfb8 23. Qc2 Nb3 24. Rxa2 Qxd2 0-1

[Event "Avoine op 27th"]
[Site "Avoine"]
[Date "2012.07.26"]
[Round "6"]
[White "Ribeiro, Romain"]
[Black "Aubry, Yannis"]
[Result "1-0"]
[WhiteElo "2204"]
[BlackElo "2104"]
[PlyCount "55"]
[EventDate "2012.07.21"]
[EventType "swiss"]
[EventRounds "9"]
[EventCountry "FRA"]
[SourceTitle "CBM 149 Extra"]
[Source "ChessBase"]
[SourceDate "2012.08.24"]
[SourceVersion "1"]
[SourceVersionDate "2012.08.24"]
[SourceQuality "1"]

1. e4 e6 2. d3 d5 3. Nd2 c5 4. g3 Bd6 5. Bg2 Ne7 6. Ngf3 Nbc6 7. 0-0 0-0 8. Re1 Qc7 9. c3 d4 10. Nc4 e5 11. cxd4 cxd4 12. Bd2 f6 13. Rc1 Be6 14. Nh4 b5 15. Nxd6 Qxd6 16. Nf5 Qd7 17. Rc5 Rfb8 18. f4 Rb6 19. Qc2 Rc8 20. Rc1 Rbb8 21. Bh3 Kh8 22. a3 g6 23. Nxe7 Nxe7 24. Bxe6 Qxe6 25. fxe5 fxe5 26. Bg5 Rxc5 27. Qxc5 Rb7 28. Rf1 1-0

[Event "Avoine op 27th"]
[Site "Avoine"]
[Date "2012.07.25"]
[Round "5"]
[White "Batteux, Mickael"]
[Black "Ribeiro, Romain"]
[Result "0-1"]
[WhiteElo "2034"]
[BlackElo "2204"]
[PlyCount "34"]
[EventDate "2012.07.21"]
[EventType "swiss"]
[EventRounds "9"]
[EventCountry "FRA"]
[SourceTitle "CBM 149 Extra"]
[Source "ChessBase"]
[SourceDate "2012.08.24"]
[SourceVersion "1"]
[SourceVersionDate "2012.08.24"]
[SourceQuality "1"]

1. d4 e6 2. Nf3 b6 3. e3 Bb7 4. Bd3 f5 5. c4 Nf6 6. Nc3 Be7 7. Qc2 0-0 8. e4 fxe4 9. Nxe4 Bb4+ 10. Bd2 Bxd2+ 11. Nfxd2 Nc6 12. Qc3 Nxe4 13. Bxe4 d5 14. Bf3 Qf6 15. Nb3 dxc4 16. Nd2 Rad8 17. 0-0 Nxd4 0-1

[Event "Fourmies op 35th"]
[Site "Fourmies"]
[Date "2011.06.13"]
[Round "6"]
[White "Lebon, Joffrey"]
[Black "Ribeiro, Romain"]
[Result "0-1"]
[WhiteElo "1974"]
[BlackElo "2183"]
[PlyCount "98"]
[EventDate "2011.06.11"]
[EventType "swiss"]
[EventRounds "7"]
[EventCountry "FRA"]
[SourceTitle "CBM 142 Extra"]
[Source "ChessBase"]
[SourceDate "2011.06.27"]
[SourceVersion "1"]
[SourceVersionDate "2011.06.27"]
[SourceQuality "1"]

1. e4 c5 2. Nf3 d6 3. Bb5+ Nd7 4. c3 a6 5. Ba4 b5 6. Bc2 Bb7 7. d4 Ngf6 8. Nbd2 Qc7 9. 0-0 e6 10. Re1 Be7 11. Nf1 Nb6 12. Ng3 Rc8 13. Bd3 Nfd7 14. Nh5 Bf8 15. e5 dxe5 16. Nxe5 Nxe5 17. Rxe5 Nd7 18. Re1 cxd4 19. Bf4 Qd8 20. cxd4 g6 21. Ng3 Bg7 22. Bd6 Qb6 23. Bc5 Nxc5 24. dxc5 Rxc5 25. Ne4 Bxe4 26. Bxe4 Bxb2 27. Rb1 Bg7 28. a4 0-0 29. Qe2 Rfc8 30. Qf3 Rc3 31. Qe2 b4 32. Red1 b3 33. Rf1 Bd4 34. Qd2 a5 35. h4 Qc5 36. Rbd1 Bf6 37. Qf4 Qe5 38. Qg4 h5 39. Qe2 Bxh4 40. Rfe1 Bf6 41. Qa6 Qc7 42. Rb1 Rd8 43. Qb5 Rb8 44. Qa6 b2 45. Bxg6 fxg6 46. Qxe6+ Qf7 47. Qd6 Rd8 48. Qb6 Rcd3 49. Qxa5 Bc3 0-1

[Event "Paris-ch blitz"]
[Site "Paris"]
[Date "2011.??.??"]
[Round "2"]
[White "Shchekachev, Andrei"]
[Black "Ribeiro, Romain"]
[Result "1-0"]
[WhiteElo "2535"]
[BlackElo "2168"]
[PlyCount "77"]
[EventDate "2011.01.30"]
[EventType "swiss (blitz)"]
[EventRounds "13"]
[EventCountry "FRA"]
[SourceTitle "EXT 2012"]
[Source "ChessBase"]
[SourceDate "2011.11.24"]
[SourceVersion "1"]
[SourceVersionDate "2011.11.24"]
[SourceQuality "1"]

1. Nf3 c5 2. c4 b6 3. Nc3 Bb7 4. d4 cxd4 5. Nxd4 Nf6 6. f3 e6 7. e4 d6 8. Be2 Be7 9. 0-0 0-0 10. Be3 a6 11. Qd2 Nbd7 12. a4 Rc8 13. a5 bxa5 14. Nb3 Ne5 15. Nxa5 Qc7 16. Rfc1 Rfd8 17. Na4 Nfd7 18. b4 Bf6 19. Rab1 Bc6 20. b5 Bb7 21. Ba7 Re8 22. b6 Nxb6 23. Bxb6 Qd7 24. Nxb7 Qxb7 25. Be3 Qc6 26. Nb6 Rb8 27. c5 dxc5 28. Bxc5 Red8 29. Qa2 Nd3 30. Bxd3 Rxd3 31. Bf2 Rc3 32. Rxc3 Bxc3 33. Qxa6 h6 34. h3 Be5 35. Qa2 Bc7 36. Qb3 Be5 37. Qb5 Bc7 38. Kf1 Kf8 39. Nd7+ 1-0

[Event "Avoine op 25th"]
[Site "Avoine"]
[Date "2010.07.21"]
[Round "5"]
[White "Ribeiro, Romain"]
[Black "Galdunts, Sergey"]
[Result "0-1"]
[WhiteElo "2159"]
[BlackElo "2459"]
[PlyCount "68"]
[EventDate "2010.07.17"]
[EventType "swiss"]
[EventRounds "9"]
[EventCountry "FRA"]
[SourceTitle "EXT 2011"]
[Source "ChessBase"]
[SourceDate "2010.11.26"]
[SourceVersion "1"]
[SourceVersionDate "2010.11.26"]
[SourceQuality "1"]

1. e4 e5 2. Nf3 Nc6 3. Bc4 Nf6 4. d3 Be7 5. Nc3 d6 6. h3 Na5 7. 0-0 0-0 8. Qe2 h6 9. Rd1 c6 10. a4 Nxc4 11. dxc4 Qc7 12. Nh2 Nh7 13. Nf1 f5 14. exf5 Bxf5 15. Ng3 Bg6 16. Qg4 Bxc2 17. Bxh6 Rf7 18. Rd2 Nf6 19. Qe2 Bg6 20. Bg5 Raf8 21. Bxf6 Rxf6 22. Nge4 Rf4 23. Rad1 Rd8 24. g3 Rff8 25. b4 Qc8 26. Kh2 Qe6 27. Qe3 Bh5 28. g4 Bg6 29. Qe2 Rf4 30. f3 Rdf8 31. Nxd6 Rxf3 32. Nce4 Bxe4 33. Nxe4 Qh6 34. Qg2 Qf4+ 0-1

[Event "Paris-ch op-A"]
[Site "Paris"]
[Date "2010.07.06"]
[Round "4"]
[White "Ribeiro, Romain"]
[Black "Trommsdorf, Fro"]
[Result "1-0"]
[WhiteElo "2159"]
[BlackElo "2076"]
[PlyCount "91"]
[EventDate "2010.07.03"]
[EventType "swiss"]
[EventRounds "9"]
[EventCountry "FRA"]
[SourceTitle "CBM 137 Extra"]
[Source "ChessBase"]
[SourceDate "2010.09.01"]
[SourceVersion "1"]
[SourceVersionDate "2010.09.01"]
[SourceQuality "1"]

1. e4 c5 2. Nc3 e6 3. g3 Nc6 4. Bg2 Nf6 5. Nge2 Be7 6. 0-0 0-0 7. d3 a6 8. a4 Rb8 9. Nf4 d6 10. Be3 Bd7 11. h3 Ne5 12. Nh5 Bc6 13. Nxf6+ Bxf6 14. f4 Nd7 15. g4 d5 16. exd5 exd5 17. d4 Qb6 18. dxc5 Qxb2 19. Bd4 Qb4 20. Bxf6 Nxf6 21. Qd3 Qxc5+ 22. Kh2 Rfe8 23. Rae1 Rxe1 24. Rxe1 Qf2 25. Rf1 Qh4 26. g5 Nh5 27. Nxd5 Bxd5 28. Bxd5 g6 29. Qe3 Ng7 30. Qe7 Qg3+ 31. Kxg3 Nf5+ 32. Kf3 Nxe7 33. Bb3 Rd8 34. Re1 Nf5 35. Re4 Kf8 36. Rb4 Rd7 37. a5 Nd4+ 38. Ke4 Nc6 39. Ra4 Rd2 40. c3 Rh2 41. Bd5 Nd8 42. Rc4 Rxh3 43. Ke5 Re3+ 44. Kd6 Rd3 45. Rc8 Ke8 46. c4 1-0

[Event "FRA-chT2 0910"]
[Site "France"]
[Date "2009.10.17"]
[Round "2.2"]
[White "Romieux, Sebastien"]
[Black "Ribeiro, Romain"]
[Result "1-0"]
[WhiteElo "2263"]
[BlackElo "2169"]
[PlyCount "79"]
[EventDate "2009.09.27"]
[EventType "team-tourn"]
[EventRounds "11"]
[EventCountry "FRA"]
[SourceTitle "EXT 2011"]
[Source "ChessBase"]
[SourceDate "2010.11.26"]
[SourceVersion "1"]
[SourceVersionDate "2010.11.26"]
[SourceQuality "1"]

1. e4 c5 2. Nf3 d6 3. d4 cxd4 4. Nxd4 Nf6 5. Nc3 a6 6. Bg5 e6 7. f4 b5 8. Bd3 Nbd7 9. Qe2 Qb6 10. Nf3 Bb7 11. 0-0-0 Rc8 12. e5 dxe5 13. Nxe5 Nxe5 14. fxe5 Nd5 15. Nxd5 Bxd5 16. Kb1 Qb7 17. Rd2 h6 18. Bh4 Be7 19. Bxe7 Qxe7 20. a4 0-0 21. axb5 axb5 22. Bxb5 Qb4 23. Rhd1 Rc5 24. c4 Bxc4 25. Bxc4 Rxc4 26. Rd8 Rc8 27. Rxf8+ Kxf8 28. Rc1 Rb8 29. Rc4 Qb5 30. Rc8+ Ke7 31. Rc7+ Ke8 32. Qf2 f5 33. exf6 gxf6 34. Rc3 Qe5 35. Qf3 Kf7 36. b3 Qb5 37. h4 Qb6 38. Qg3 e5 39. Qf3 Rg8 40. Qd5+ 1-0

[Event "FRA-ch op-A"]
[Site "Nimes"]
[Date "2009.08.21"]
[Round "10"]
[White "Ribeiro, Romain"]
[Black "Lagunes, Jean Renaud"]
[Result "1-0"]
[WhiteElo "2141"]
[BlackElo "2072"]
[PlyCount "149"]
[EventDate "2009.08.11"]
[EventType "swiss"]
[EventRounds "11"]
[EventCountry "FRA"]
[SourceTitle "CBM 132 Extra"]
[Source "ChessBase"]
[SourceDate "2009.11.03"]
[SourceVersion "1"]
[SourceVersionDate "2009.11.03"]
[SourceQuality "1"]

1. e4 c5 2. Nc3 g6 3. Bc4 Nc6 4. f4 Bg7 5. Nf3 e6 6. f5 Nge7 7. fxe6 dxe6 8. d3 0-0 9. 0-0 Na5 10. Bb3 Nec6 11. Be3 Nd4 12. Qd2 a6 13. Bg5 f6 14. Be3 Naxb3 15. axb3 e5 16. Na4 Qd6 17. b4 cxb4 18. Nxd4 exd4 19. Bf4 Qc6 20. Qxb4 Be6 21. Nc5 Bf7 22. Rf2 a5 23. Qxd4 Rfc8 24. Na4 b5 25. Nc3 f5 26. e5 Rd8 27. Qe3 b4 28. Na4 Bf8 29. h4 Ra6 30. Qg3 Rd4 31. b3 Qd5 32. Qf3 Be7 33. g3 Qxf3 34. Rxf3 Kg7 35. Be3 Rg4 36. Kf2 Rc6 37. Rc1 h6 38. Nb2 Bd5 39. Rf4 Rxf4+ 40. Bxf4 g5 41. hxg5 hxg5 42. Be3 Rh6 43. Nd1 Rh2+ 44. Ke1 Kf7 45. d4 Bf3 46. Bf2 f4 47. Nb2 Rh1+ 48. Kd2 Rh2 49. gxf4 gxf4 50. Nd3 Bh4 51. Rf1 Bg2 52. Bg1 Bxf1+ 53. Bxh2 f3 54. Ke3 Bg2 55. Nf2 Ke6 56. Bg1 Kd5 57. Ne4 Bd8 58. Bf2 Be7 59. c4+ bxc3 60. Nxc3+ Ke6 61. Ke4 Bb4 62. Nd5 Bd2 63. Nb6 Be1 64. d5+ Kf7 65. Ke3 Bb4 66. Kd4 Ke7 67. Nc8+ Kd7 68. Na7 Bh3 69. Ke4 Bc3 70. Nb5 Bb4 71. Nd4 Bc5 72. e6+ Ke8 73. Ke5 Bf1 74. d6 Bb5 75. Nxb5 1-0

[Event "FRA-ch op-A"]
[Site "Nimes"]
[Date "2009.08.19"]
[Round "8"]
[White "Loiseau, Quentin"]
[Black "Ribeiro, Romain"]
[Result "1-0"]
[WhiteElo "2093"]
[BlackElo "2141"]
[PlyCount "109"]
[EventDate "2009.08.11"]
[EventType "swiss"]
[EventRounds "11"]
[EventCountry "FRA"]
[SourceTitle "CBM 132 Extra"]
[Source "ChessBase"]
[SourceDate "2009.11.03"]
[SourceVersion "1"]
[SourceVersionDate "2009.11.03"]
[SourceQuality "1"]

1. e4 c5 2. Nf3 d6 3. d4 cxd4 4. Nxd4 Nf6 5. Nc3 a6 6. Be3 e6 7. g4 b5 8. g5 Nfd7 9. a3 Bb7 10. h4 Nc5 11. Bg2 Nc6 12. Nxc6 Bxc6 13. h5 a5 14. Qg4 Qc8 15. Ne2 e5 16. Qh4 Be7 17. Ng3 g6 18. hxg6 fxg6 19. 0-0 Ne6 20. Bh3 Bd7 21. f4 exf4 22. Bxe6 fxe3 23. Bf7+ Kd8 24. Bd5 Bc6 25. Rad1 Bxd5 26. Rxd5 Qe6 27. Qf4 Kd7 28. Qxe3 h6 29. Rfd1 hxg5 30. e5 Ke8 31. R1d3 Kf7 32. Qf3+ Kg7 33. exd6 Bf6 34. Re3 Qh3 35. Nf5+ gxf5 36. Qxh3 Rxh3 37. Rxh3 g4 38. Rb3 f4 39. Rf5 Bd4+ 40. Kf1 Be3 41. Rg5+ Kf6 42. Rxg4 Rd8 43. Rd3 Kf5 44. Rh4 Rg8 45. Rh1 Ke4 46. d7 Bd4 47. Rh2 Rg1+ 48. Ke2 Rg8 49. Rxd4+ Kxd4 50. Kf3 Kc5 51. Rd2 Rd8 52. Kxf4 Kc6 53. Ke5 Kc7 54. Ke6 Rh8 55. d8Q+ 1-0

[Event "Avoine op 24th"]
[Site "Avoine"]
[Date "2009.07.25"]
[Round "8"]
[White "Delinotte, Mathieu"]
[Black "Ribeiro, Romain"]
[Result "1/2-1/2"]
[WhiteElo "1884"]
[BlackElo "2141"]
[PlyCount "79"]
[EventDate "2009.07.18"]
[EventType "swiss"]
[EventRounds "9"]
[EventCountry "FRA"]
[SourceTitle "CBM 131 Extra"]
[Source "ChessBase"]
[SourceDate "2009.09.03"]
[SourceVersion "2"]
[SourceVersionDate "2009.09.16"]
[SourceQuality "1"]

1. e4 c5 2. Nf3 d6 3. d4 cxd4 4. Nxd4 Nf6 5. Nc3 a6 6. Bg5 e6 7. f4 b5 8. e5 dxe5 9. fxe5 Qc7 10. Bxf6 gxf6 11. exf6 Bb4 12. Qf3 Bb7 13. Qg3 Qxg3+ 14. hxg3 Nd7 15. Rh6 Rc8 16. Kd2 Nc5 17. Ke3 Bxc3 18. bxc3 Ne4 19. Bd3 Rxc3 20. a4 Nd6 21. axb5 e5 22. bxa6 exd4+ 23. Kxd4 Rxd3+ 24. cxd3 Bxg2 25. Kc5 Kd7 26. a7 Bb7 27. g4 Kc7 28. Ra4 Rg8 29. Rh5 Kd7 30. Rd4 Rc8+ 31. Kb4 Ke6 32. Rxh7 Rc6 33. Kb3 Ra6 34. Ra4 Bd5+ 35. Kb4 Rxa4+ 36. Kxa4 Nc8 37. g5 Kf5 38. Rg7 Nxa7 39. g6 Kxf6 40. Rxf7+ 1/2-1/2

[Event "Avoine op 24th"]
[Site "Avoine"]
[Date "2009.07.22"]
[Round "5"]
[White "Ribeiro, Romain"]
[Black "Marholev, Dimitar"]
[Result "0-1"]
[WhiteElo "2141"]
[BlackElo "2364"]
[PlyCount "160"]
[EventDate "2009.07.18"]
[EventType "swiss"]
[EventRounds "9"]
[EventCountry "FRA"]
[SourceTitle "CBM 131 Extra"]
[Source "ChessBase"]
[SourceDate "2009.09.03"]
[SourceVersion "2"]
[SourceVersionDate "2009.09.16"]
[SourceQuality "1"]

1. e4 e5 2. Nf3 Nc6 3. Bc4 Nf6 4. d3 h6 5. Nc3 d6 6. a3 g6 7. 0-0 Bg7 8. h3 0-0 9. Be3 Be6 10. Ba2 Bxa2 11. Nxa2 d5 12. Nb4 Nxb4 13. axb4 dxe4 14. Nxe5 Nd5 15. d4 Nxe3 16. fxe3 Qg5 17. Nc4 Qb5 18. Nd2 Qxb4 19. Nxe4 Qe7 20. Qf3 Rfe8 21. Nc5 Qxe3+ 22. Qxe3 Rxe3 23. c3 b6 24. Na6 Rc8 25. Kf2 Ree8 26. b4 c6 27. Rfe1 Kf8 28. Re3 Rxe3 29. Kxe3 Ke8 30. Kd3 Bf8 31. g4 Bd6 32. c4 Kd7 33. Rf1 Rf8 34. Ke4 Ke6 35. d5+ cxd5+ 36. cxd5+ Ke7 37. Kd3 f5 38. Re1+ Kd7 39. gxf5 Rxf5 40. Kd4 Rh5 41. Re3 Rh4+ 42. Kc3 g5 43. Rf3 Be5+ 44. Kb3 Kd6 45. Rf7 Kxd5 46. Rxa7 Kc6 47. Re7 Rxh3+ 48. Kc2 Bd6 49. Re6 g4 50. Rg6 h5 51. Nb8+ Kc7 52. b5 Kxb8 53. Rxd6 Kc7 54. Rc6+ Kb7 55. Rg6 g3 56. Kd3 h4 57. Ke4 Rh2 58. Rg7+ Kc8 59. Kd5 Rc2 60. Kd6 Kb8 61. Rg4 Rc8 62. Rxh4 Rg8 63. Rh1 g2 64. Rg1 Rg6+ 65. Kd7 Kb7 66. Ke7 Rg5 67. Kd6 Rxb5 68. Rxg2 Rh5 69. Rc2 b5 70. Rc5 Rh6+ 71. Kd5 Kb6 72. Rc8 Rh4 73. Rc1 b4 74. Rc8 Kb5 75. Rb8+ Ka4 76. Ra8+ Kb3 77. Ra7 Kc3 78. Ra4 Rh5+ 79. Ke4 b3 80. Ra8 Rh4+ 0-1

[Event "Avoine op 24th"]
[Site "Avoine"]
[Date "2009.07.20"]
[Round "3"]
[White "Ribeiro, Romain"]
[Black "Laurent, Julien G"]
[Result "0-1"]
[WhiteElo "2141"]
[BlackElo "2320"]
[PlyCount "136"]
[EventDate "2009.07.18"]
[EventType "swiss"]
[EventRounds "9"]
[EventCountry "FRA"]
[SourceTitle "CBM 131 Extra"]
[Source "ChessBase"]
[SourceDate "2009.09.03"]
[SourceVersion "2"]
[SourceVersionDate "2009.09.16"]
[SourceQuality "1"]

1. e4 g6 2. d4 Bg7 3. Nf3 d6 4. Nc3 a6 5. a4 b6 6. Bc4 e6 7. Bg5 Ne7 8. Qd2 h6 9. Be3 c6 10. 0-0 Bb7 11. Bd3 Nd7 12. h3 Qc7 13. Ne2 c5 14. c3 e5 15. Ng3 Nc6 16. dxe5 Ndxe5 17. Nxe5 Nxe5 18. Be2 0-0-0 19. b4 h5 20. f3 d5 21. exd5 Rxd5 22. Qe1 Nd3 23. Bxd3 Rxd3 24. Qf2 Bxc3 25. bxc5 Bxa1 26. Rxa1 bxc5 27. Bxc5 Rhd8 28. Bb6 Rd1+ 29. Nf1 Qc4 30. Ra2 R8d3 31. Qe2 Bc6 32. a5 Qe6 33. Qf2 Qe1 34. Qxe1 Rxe1 35. Kf2 Rc1 36. Ne3 f5 37. Re2 Bb5 38. Kg3 Rd6 39. Rc2+ Rxc2 40. Nxc2 g5 41. Nd4 f4+ 42. Kf2 Kb7 43. g3 fxg3+ 44. Kxg3 h4+ 45. Kg4 Rd5 46. f4 gxf4 47. Kxf4 Bd7 48. Nf3 Rf5+ 49. Ke3 Rh5 50. Bd8 Bxh3 51. Nxh4 Kc8 52. Bf6 Rxa5 53. Ng6 Rb5 54. Ne5 a5 55. Nc4 Kd7 56. Nb2 Rd5 57. Bd4 Bf5 58. Na4 Kc6 59. Nb6 Rd8 60. Nc4 Kb5 61. Nd2 a4 62. Bb2 Kb4 63. Ke2 a3 64. Bf6 Bg4+ 65. Ke3 a2 66. Ne4 Kb3 67. Nc5+ Kc2 68. Kf4 Rf8 0-1

[Event "Avoine op 23rd"]
[Site "Avoine"]
[Date "2008.07.24"]
[Round "6"]
[White "Ribeiro, Romain"]
[Black "Frick, Christoph"]
[Result "1-0"]
[WhiteElo "2111"]
[BlackElo "2271"]
[PlyCount "96"]
[EventDate "2008.07.19"]
[EventType "swiss"]
[EventRounds "9"]
[EventCountry "FRA"]
[SourceTitle "CBM 125 Extra"]
[Source "ChessBase"]
[SourceDate "2008.09.01"]
[SourceVersion "1"]
[SourceVersionDate "2008.09.01"]
[SourceQuality "1"]

1. e4 g6 2. d4 Bg7 3. Be3 d6 4. Nc3 a6 5. a4 b6 6. Be2 Bb7 7. f4 Nd7 8. Bf3 e6 9. Nh3 Ne7 10. 0-0 c5 11. Ne2 Nf6 12. Nf2 Qc7 13. c3 0-0 14. g4 Nd7 15. Ng3 f5 16. Qb3 d5 17. e5 Rac8 18. gxf5 Nxf5 19. Nxf5 gxf5 20. Qd1 Kh8 21. Bg2 Nb8 22. Nh1 Rg8 23. Ng3 cxd4 24. cxd4 Qc2 25. Qd2 Qxd2 26. Bxd2 Rc4 27. Bc3 Bc6 28. a5 b5 29. Rfd1 Bh6 30. Bf1 Bxf4 31. Bxc4 Be3+ 32. Kf1 bxc4 33. Ke2 f4 34. Nf1 Be8 35. Nxe3 Bh5+ 36. Kf1 fxe3 37. Re1 Rf8+ 38. Kg2 e2 39. Kg3 Nc6 40. Kh4 Rf5 41. Rg1 Ne7 42. Rg5 Ng6+ 43. Kxh5 Rf2 44. Rxg6 Rxh2+ 45. Kg5 Rg2+ 46. Kf6 Rf2+ 47. Kxe6 hxg6 48. Kxd5 g5 1-0